Juvilej pedahoha

Bibliographic Details
Main Author: Veseľčata (Author)
Format: Article
Language:Ukrainian
PhysicalDescription:Fotogr.
Subjects:

MARC

LEADER 00000nab a2200000 a 4500
001 vtls000685668
003 SK-MaSNL
005 20260319075535.0
008 160322c xo 0 ukr
015 |a SNBRA1999/01-01069 
035 |a CLN000037835 
040 |a SNKBUCL  |b slo  |c SNKBUCL  |e AACR2 
041 0 |a ukr 
044 |a xo  |c SK 
080 |a 37-051  |2 UDC-MRF-SK2 
080 |a 929 Danko, Josyf  |2 UDC-MRF-SK2 
100 0 |a Veseľčata  |4 aut  |9 888950 
245 1 0 |a Juvilej pedahoha  |c [avtor] "Veseľčata." 
300 |b Fotogr. 
600 1 7 |a Danko, Josyf  |d 1939-  |2 snkbucl  |9 888951 
655 7 |a články z novín a časopisov  |2 snkbucl  |9 267496 
773 0 |t Veselka  |g Roč. 48, č. 5 (1998/99), s. 5 
850 |a Slovenská národná knižnica v Martine 
852 |a SNK  |b KIS3GCP 
958 |a UK 
958 |a SK 
958 |a BX 
958 |a RBX 
999 |c 1409913  |d 1411843